[Event "Bayern-ch Seniors 14th"]
[Site "Schloss Schney"]
[Date "2002.06.08"]
[Round "9"]
[White "Karol, Wolfgang"]
[Black "Schuessel, Hans"]
[Result "1-0"]
[WhiteElo "1611"]
[BlackElo "1477"]
[PlyCount "37"]
[EventDate "2002.05.31"]
[EventType "swiss"]
[EventRounds "9"]
[EventCountry "GER"]
[SourceTitle "EXT 2003"]
[Source "ChessBase"]
[SourceDate "2002.11.25"]
[SourceVersion "1"]
[SourceVersionDate "2002.11.25"]
[SourceQuality "1"]

1. d4 d5 2. Nc3 e6 3. e4 Bb4 4. e5 Bxc3+ 5. bxc3 h6 6. Qg4 g6 7. Bd3 Qe7 8. a4 Nd7 9. Nf3 b6 10. Bb5 Bb7 11. Ba3 c5 12. dxc5 bxc5 13. Bxd7+ Kxd7 14. 0-0 h5 15. Qf4 Nh6 16. Rab1 Ba6 17. Rfd1 Kc6 18. a5 Qc7 19. Qa4+ 1-0

[Event "Bayern-ch Seniors 14th"]
[Site "Schloss Schney"]
[Date "2002.06.06"]
[Round "7"]
[White "Schuessel, Hans"]
[Black "Froeling, Philippa"]
[Result "1/2-1/2"]
[WhiteElo "1477"]
[BlackElo "1376"]
[PlyCount "35"]
[EventDate "2002.05.31"]
[EventType "swiss"]
[EventRounds "9"]
[EventCountry "GER"]
[SourceTitle "EXT 2003"]
[Source "ChessBase"]
[SourceDate "2002.11.25"]
[SourceVersion "1"]
[SourceVersionDate "2002.11.25"]
[SourceQuality "1"]

1. e4 e5 2. Nf3 Nc6 3. Bb5 Nge7 4. Bxc6 Nxc6 5. 0-0 g6 6. d3 Bg7 7. Nc3 0-0 8. a3 d6 9. b4 b6 10. h3 Bb7 11. Re1 Ne7 12. Rb1 Re8 13. Bg5 Qd7 14. Bxe7 Rxe7 15. Na2 d5 16. c3 d4 17. Rb2 c5 18. c4 1/2-1/2